000 00293 a2200121 4500
000 nam a22 7a 4500
005 20260206124123.0
020 _a9788197824791
100 _aKanwal Bharti
_91114226
245 _aBhakti andolan aur nipun kranti
260 _bSwaraj
_c2025
942 _cTEXL
999 _c1678804
_d1678804